Nový systém státní sociální podpory

Zmena úlohy štátu v sociálnej politike, odklon od štátneho paternalizmu k občianskej participácii. Novokoncipovaný systém spoločenskej pomoci rodinám s deťmi, transformácia na trhové podmienky. Filozofia novokoncipovaného systému sociálnej podpory. Legislatívne vecné a časové determinanty systému so...

Descrizione completa

Salvato in:
Dettagli Bibliografici
Autore principale: Průša, Ladislav
Natura: Capitolo di libro
Lingua:ceco
Soggetti:
Tags: Aggiungi Tag
Nessun Tag, puoi essere il primo ad aggiungerne!!

MARC

LEADER 00000naa a2200000 4500
001 r000987
005 20221205090612.5
041 0 |a cze 
044 |a CZ 
245 1 0 |a Nový systém státní sociální podpory  |c L. Průša 
520 |a Zmena úlohy štátu v sociálnej politike, odklon od štátneho paternalizmu k občianskej participácii. Novokoncipovaný systém spoločenskej pomoci rodinám s deťmi, transformácia na trhové podmienky. Filozofia novokoncipovaného systému sociálnej podpory. Legislatívne vecné a časové determinanty systému sociálnej podpory. Systém podpory rodiny vo vyspelých krajinách. 
610 2 0 |a politika sociálna 
610 2 0 |a Česko 
610 2 0 |a západná Európa 
610 2 0 |a podpory 
610 2 0 |a príspevky sociálne 
610 2 0 |a rodina 
610 2 0 |a pomoc sociálna 
610 2 0 |a dávky sociálne 
100 1 |a Průša, Ladislav